00716nam a2200241 a 4500001001300000003000900013005001700022008004100039020001400080082002200094100002700116245002300143260004400166300000900210500003500219505001000254650002600264700002700290902000800317942000700325952012500332999001700457nice12345678IN_TiNIC20260116013609.0050524s1991 lona grp 000 0 eng  ac1957.5500a305.6297073bHAD1 aHaddad, Yvonne Yazbeck aMuslims of America aLondan bOxford University Press c1991 a249p aincludes index and biblioraphy2 aIndex aMuslims-United States1 aHaddad, Yvonne Yazbeck bSRS cBK 001040708StackRoom-aHMIbHMId2007-08-01g1957.55l0o305.6297073 HAD1p015303r2007-08-01v1957.55w2005-05-24yBK c11605d11605